[Event "VIE-chT"]
[Site "Ho Chi Minh City"]
[Date "2017.07.29"]
[Round "9.23"]
[White "Truong, Anh Kiet"]
[Black "Le, Trong Bac"]
[Result "0-1"]
[WhiteElo "1704"]
[BlackElo "2031"]
[PlyCount "60"]
[EventDate "2017.07.24"]
[EventType "team-swiss"]
[EventRounds "9"]
[EventCountry "VIE"]
[SourceTitle "EXT 2019"]
[Source "ChessBase"]
[SourceDate "2018.10.10"]
[SourceVersion "1"]
[SourceVersionDate "2018.10.10"]
[SourceQuality "1"]

1. e4 c5 2. c3 d5 3. exd5 Qxd5 4. d4 cxd4 5. cxd4 Nf6 6. Nf3 e6 7. Bd3 Be7 8. 0-0 0-0 9. Nc3 Qd8 10. Be3 Nc6 11. Rc1 Bd7 12. a3 Rc8 13. Bb1 a6 14. Qc2 Na5 15. Ne5 Nc4 16. Bg5 g6 17. Rfd1 Nd5 18. Bxe7 Qxe7 19. Nxd5 exd5 20. Nxc4 dxc4 21. Qc3 Qd6 22. d5 Rfe8 23. Qd4 b5 24. h4 Re5 25. g3 Rce8 26. Kg2 Rxd5 27. Qxd5 Bc6 28. Qxc6 Qxc6+ 29. Kg1 Re2 30. b3 Qf3 0-1

[Event "VIE-chT"]
[Site "Ho Chi Minh City"]
[Date "2017.07.25"]
[Round "3.32"]
[White "Truong, Anh Kiet"]
[Black "Tran, Duy Manh"]
[Result "1-0"]
[WhiteElo "1704"]
[BlackElo "2012"]
[PlyCount "73"]
[EventDate "2017.07.24"]
[EventType "team-swiss"]
[EventRounds "9"]
[EventCountry "VIE"]
[SourceTitle "EXT 2019"]
[Source "ChessBase"]
[SourceDate "2018.10.10"]
[SourceVersion "1"]
[SourceVersionDate "2018.10.10"]
[SourceQuality "1"]

1. e4 c5 2. c3 d5 3. exd5 Qxd5 4. d4 e6 5. Nf3 Nf6 6. h3 cxd4 7. cxd4 Nc6 8. Nc3 Qd8 9. Bd3 Be7 10. a3 h6 11. 0-0 0-0 12. Be3 b6 13. Rc1 Bb7 14. Bb1 Rc8 15. Qe2 Na5 16. Ba2 Bd6 17. Rfd1 Bb8 18. b4 Bxf3 19. Qxf3 Nc4 20. d5 Nxe3 21. Qxe3 Nxd5 22. Nxd5 Rxc1 23. Qxc1 exd5 24. Bxd5 Qe7 25. g3 Rd8 26. Qc4 Kf8 27. Rd3 Qc7 28. Qh4 Qe7 29. Qh5 Rd6 30. Qf5 Rf6 31. Qc8+ Qe8 32. Qc2 Qe7 33. Re3 Qd8 34. Qh7 Re6 35. Bxe6 fxe6 36. Qh8+ Ke7 37. Qxg7+ 1-0

[Event "VIE-chT"]
[Site "Ho Chi Minh City"]
[Date "2017.07.24"]
[Round "2.13"]
[White "Duong, The Anh"]
[Black "Truong, Anh Kiet"]
[Result "1-0"]
[WhiteElo "2323"]
[BlackElo "1704"]
[PlyCount "91"]
[EventDate "2017.07.24"]
[EventType "team-swiss"]
[EventRounds "9"]
[EventCountry "VIE"]
[SourceTitle "EXT 2019"]
[Source "ChessBase"]
[SourceDate "2018.10.10"]
[SourceVersion "1"]
[SourceVersionDate "2018.10.10"]
[SourceQuality "1"]

1. d4 Nf6 2. Bg5 Ne4 3. Bf4 d5 4. e3 Bf5 5. Bd3 Bg6 6. Nf3 e6 7. Ne5 Bd6 8. h4 Nf6 9. Be2 h6 10. Nxg6 fxg6 11. Bd3 Kf7 12. Nd2 Nbd7 13. Nf3 Ng8 14. Ne5+ Bxe5 15. Bxe5 Nxe5 16. dxe5 Ne7 17. Qf3+ Ke8 18. Qg4 Kf7 19. 0-0-0 h5 20. Qf4+ Nf5 21. f3 Kg8 22. e4 dxe4 23. Bxe4 Qe7 24. Qg5 Kf7 25. Qxe7+ Kxe7 26. Bxb7 Rad8 27. Rxd8 Rxd8 28. c3 Rb8 29. Be4 Rb5 30. f4 Rb8 31. Bxf5 gxf5 32. Rd1 Rh8 33. Rd3 Rh6 34. Rg3 Kf7 35. Kc2 Rh8 36. Rd3 Ke7 37. b4 Rc8 38. c4 a6 39. Kb3 c5 40. a3 Rc6 41. Rg3 Kf7 42. b5 Rb6 43. Ka4 axb5+ 44. cxb5 Rb8 45. Ka5 Rd8 46. b6 1-0

[Event "VIE-ch"]
[Site "Bac Giang"]
[Date "2016.06.24"]
[Round "4"]
[White "Truong, Anh Kiet"]
[Black "Nguyen, Ung Bach"]
[Result "1/2-1/2"]
[WhiteElo "1704"]
[BlackElo "1927"]
[PlyCount "122"]
[EventDate "2016.06.22"]
[EventType "swiss"]
[EventRounds "9"]
[EventCountry "VIE"]
[SourceTitle "EXT 2017"]
[Source "ChessBase"]
[SourceDate "2016.10.25"]
[SourceVersion "1"]
[SourceVersionDate "2016.10.25"]
[SourceQuality "1"]

1. e4 c5 2. c3 d5 3. exd5 Qxd5 4. d4 Nf6 5. Nf3 Bg4 6. dxc5 Qxd1+ 7. Kxd1 e5 8. b4 e4 9. h3 Bh5 10. g4 Nxg4 11. hxg4 Bxg4 12. Nbd2 Nc6 13. Kc2 exf3 14. Bb2 Be7 15. Bd3 h5 16. Be4 0-0 17. Bxf3 Bxf3 18. Nxf3 g6 19. a3 Rfe8 20. c4 Bf8 21. Rhe1 Bg7 22. Bc3 Rad8 23. Rad1 Bxc3 24. Kxc3 Rxd1 25. Rxd1 Rd8 26. Rd5 Re8 27. b5 Nb8 28. Kd4 Kf8 29. a4 Re6 30. a5 a6 31. Rd8+ Re8 32. Rd6 Rc8 33. Rb6 Nd7 34. Rxb7 Nxc5 35. Ra7 Nb3+ 36. Ke5 axb5 37. cxb5 Rc5+ 38. Kd6 Rxb5 39. Ne5 Rxa5 40. Rxf7+ Kg8 41. Rf3 Nd2 42. Rf4 g5 43. Rb4 Kg7 44. Ke6 Kh6 45. Nf7+ Kg6 46. Ne5+ Rxe5+ 47. Kxe5 h4 48. Rb8 h3 49. Rh8 Nf3+ 50. Ke4 Nh4 51. Ra8 h2 52. Ra1 g4 53. Kf4 Kh5 54. Kg3 Nf3 55. Ra5+ Kg6 56. Kg2 Kh6 57. Rb5 Kg6 58. Ra5 Kh6 59. Ra3 Kg5 60. Ra8 Kf5 61. Rf8+ Kg5 1/2-1/2

[Event "VIE-ch"]
[Site "Bac Giang"]
[Date "2016.06.22"]
[Round "2"]
[White "Truong, Anh Kiet"]
[Black "Tong, Hai Anh"]
[Result "1-0"]
[WhiteElo "1704"]
[BlackElo "1918"]
[PlyCount "66"]
[EventDate "2016.06.22"]
[EventType "swiss"]
[EventRounds "9"]
[EventCountry "VIE"]
[SourceTitle "EXT 2017"]
[Source "ChessBase"]
[SourceDate "2016.10.25"]
[SourceVersion "1"]
[SourceVersionDate "2016.10.25"]
[SourceQuality "1"]

1. e4 c6 2. d4 d5 3. e5 Bf5 4. Nf3 e6 5. Be2 Ne7 6. 0-0 Nd7 7. c4 dxc4 8. Bxc4 Nd5 9. Nc3 N7b6 10. Bd3 Bg4 11. Be3 Bb4 12. Ne4 0-0 13. Ng3 Rc8 14. h3 Bxf3 15. Qxf3 Qe7 16. a3 Ba5 17. b4 Bxb4 18. axb4 Nxb4 19. Be4 a6 20. Nh5 N4d5 21. Qg3 g6 22. Bg5 Qb4 23. Nf6+ Nxf6 24. Bxf6 Nd5 25. Bxd5 exd5 26. Qf4 Rfe8 27. Rfb1 Qf8 28. Rxb7 Ra8 29. h4 h5 30. g4 Kh7 31. gxh5 gxh5 32. Qf5+ Kg8 33. Qxh5 Qg7+ 1-0

[Event "Ho Chi Minh City HD Bank op-B 6th"]
[Site "Ho Chi Minh City"]
[Date "2016.03.12"]
[Round "7"]
[White "Truong, Anh Kiet"]
[Black "Nguyen, Thien Ngan"]
[Result "1-0"]
[WhiteElo "1762"]
[BlackElo "1475"]
[PlyCount "87"]
[EventDate "2016.03.08"]
[EventType "swiss"]
[EventRounds "9"]
[EventCountry "VIE"]
[SourceTitle "CBM 171 Extra"]
[Source "ChessBase"]
[SourceDate "2016.04.26"]
[SourceVersion "1"]
[SourceVersionDate "2016.04.26"]
[SourceQuality "1"]

1. e4 e5 2. Nf3 Nc6 3. Bb5 Nf6 4. 0-0 Bc5 5. c3 0-0 6. d4 Be7 7. Re1 exd4 8. cxd4 d5 9. e5 Ne4 10. Nc3 Bf5 11. Qb3 Nxc3 12. bxc3 Na5 13. Qa4 c6 14. Bf1 b6 15. Ba3 c5 16. Rac1 a6 17. Qd1 Nc6 18. Bd3 Be6 19. Bb1 Qd7 20. h3 Rac8 21. Qd3 g6 22. Qd1 Na7 23. Bd3 Nb5 24. Bb2 c4 25. Bb1 Na3 26. Bxa3 Bxa3 27. Rc2 b5 28. Ng5 Bf5 29. Rce2 h6 30. Nf3 Be6 31. Qd2 Kg7 32. Qf4 Qe7 33. h4 a5 34. Qg3 b4 35. h5 g5 36. Nh2 Qd7 37. f4 g4 38. Nxg4 Bxg4 39. e6 fxe6 40. Qxg4+ Kh8 41. Rxe6 Qg7 42. Rg6 Qh7 43. Re7 Rc7 44. Rxc7 1-0

[Event "VIE-ch U15"]
[Site "Ho Chi Minh City"]
[Date "2014.07.13"]
[Round "1"]
[White "Truong, Nhat Nguyen"]
[Black "Truong, Anh Kiet"]
[Result "0-1"]
[WhiteElo "1859"]
[BlackElo "1766"]
[PlyCount "56"]
[EventDate "2014.07.13"]
[EventType "swiss"]
[EventRounds "9"]
[EventCountry "VIE"]
[SourceTitle "EXT 2016"]
[Source "ChessBase"]
[SourceDate "2015.10.08"]
[SourceVersion "1"]
[SourceVersionDate "2015.10.08"]
[SourceQuality "1"]

1. d4 Nf6 2. Nf3 e6 3. g3 b6 4. Bg2 Bb7 5. 0-0 d5 6. b3 Bd6 7. Bb2 0-0 8. Nbd2 Nbd7 9. e3 Rc8 10. Rc1 c6 11. c4 Qe7 12. Rc2 Bb8 13. Ne5 Rfd8 14. Qe2 Nxe5 15. dxe5 Nd7 16. f4 f6 17. exf6 Nxf6 18. Re1 c5 19. Nf3 Rf8 20. Rd1 Rcd8 21. Rcc1 Bd6 22. Bh3 Ne4 23. Nd2 Nxd2 24. Rxd2 dxc4 25. Qxc4 Bxf4 26. Qxe6+ Qxe6 27. Bxe6+ Kh8 28. Rxd8 Bxe3# 0-1

[Event "VIE-chT"]
[Site "Ho Chi Minh City"]
[Date "2013.08.17"]
[Round "6"]
[White "Huynh Lam Binh, Nguyen"]
[Black "Truong, Anh Kiet"]
[Result "1-0"]
[WhiteElo "2074"]
[BlackElo "1764"]
[PlyCount "49"]
[EventDate "2013.08.14"]
[EventType "team-swiss"]
[EventRounds "11"]
[EventCountry "VIE"]
[SourceTitle "CBM 156 Extra"]
[Source "ChessBase"]
[SourceDate "2013.10.22"]
[SourceVersion "1"]
[SourceVersionDate "2013.10.22"]
[SourceQuality "1"]

1. d4 Nf6 2. c4 e6 3. Nc3 Bb4 4. e3 0-0 5. Nge2 d5 6. a3 Bxc3+ 7. Nxc3 Nbd7 8. b3 dxc4 9. bxc4 c5 10. Be2 e5 11. d5 Ne8 12. f4 Nd6 13. e4 f5 14. exf5 Nb6 15. 0-0 exf4 16. Bxf4 Bxf5 17. Qb3 Qd7 18. a4 Rae8 19. a5 Nbc8 20. Rad1 Bg6 21. Bd3 Bxd3 22. Rxd3 Nf5 23. Qb5 Qxb5 24. Nxb5 a6 25. Nc7 1-0

[Event "VIE-ch U15"]
[Site "Da Lat"]
[Date "2013.07.??"]
[Round "9"]
[White "Truong, Anh Kiet"]
[Black "Dao, Thien An"]
[Result "0-1"]
[WhiteElo "1764"]
[BlackElo "1982"]
[PlyCount "84"]
[EventDate "2013.07.13"]
[EventType "swiss"]
[EventRounds "9"]
[EventCountry "VIE"]
[SourceTitle "EXT 2014"]
[Source "ChessBase"]
[SourceDate "2013.11.20"]
[SourceVersion "1"]
[SourceVersionDate "2013.11.20"]
[SourceQuality "1"]

1. e4 c5 2. c3 Nf6 3. e5 Nd5 4. g3 Nc6 5. Bg2 Nb6 6. Nf3 Qc7 7. d4 e6 8. 0-0 d5 9. exd6 Bxd6 10. Re1 0-0 11. Na3 a6 12. dxc5 Bxc5 13. Bf4 Qd7 14. b4 Qxd1 15. Rexd1 Be7 16. Nc2 Nd5 17. Bd2 Bf6 18. Nfd4 Bd7 19. Rab1 Rac8 20. Ne3 Nce7 21. Ne2 Bb5 22. Nxd5 Nxd5 23. Bxd5 Bxe2 24. Bxb7 Rc7 25. Re1 Bd3 26. Be4 Bxb1 27. Rxb1 Bxc3 28. Bxc3 Rxc3 29. a4 Rb8 30. b5 axb5 31. axb5 f5 32. Bg2 Rb6 33. Ba8 Rc5 34. Rd1 Rcxb5 35. Rd7 Kf8 36. h4 Ra5 37. Bf3 Ra2 38. Bh5 g6 39. Bf3 h5 40. Bg2 Rb1+ 41. Kh2 Rxf2 42. Kh3 Rbb2 0-1

[Event "VIE-ch U15"]
[Site "Da Lat"]
[Date "2013.07.??"]
[Round "7"]
[White "Truong, Anh Kiet"]
[Black "Nguyen Tan Hoang, Nam"]
[Result "0-1"]
[WhiteElo "1764"]
[BlackElo "1946"]
[PlyCount "56"]
[EventDate "2013.07.13"]
[EventType "swiss"]
[EventRounds "9"]
[EventCountry "VIE"]
[SourceTitle "EXT 2014"]
[Source "ChessBase"]
[SourceDate "2013.11.20"]
[SourceVersion "1"]
[SourceVersionDate "2013.11.20"]
[SourceQuality "1"]

1. e4 c5 2. c3 Nf6 3. e5 Nd5 4. g3 d6 5. exd6 Qxd6 6. Bg2 Nc6 7. Na3 Bf5 8. Nc4 Qd7 9. Ne3 Nxe3 10. dxe3 Qxd1+ 11. Kxd1 0-0-0+ 12. Ke1 Ne5 13. e4 Bd7 14. b3 c4 15. Be3 b6 16. Ke2 Bb5 17. a4 Bd7 18. b4 Ng4 19. Nf3 e5 20. a5 Kb7 21. axb6 axb6 22. Rhd1 Be7 23. Bh3 Bc8 24. Ne1 Be6 25. f3 Rxd1 26. Rxd1 Nxe3 27. Kxe3 Bxh3 28. g4 Rd8 0-1

[Event "VIE-ch U15"]
[Site "Da Lat"]
[Date "2013.07.??"]
[Round "4"]
[White "Truong, Anh Kiet"]
[Black "Pham, Minh Hieu"]
[Result "0-1"]
[WhiteElo "1764"]
[BlackElo "1908"]
[PlyCount "110"]
[EventDate "2013.07.13"]
[EventType "swiss"]
[EventRounds "9"]
[EventCountry "VIE"]
[SourceTitle "EXT 2014"]
[Source "ChessBase"]
[SourceDate "2013.11.20"]
[SourceVersion "1"]
[SourceVersionDate "2013.11.20"]
[SourceQuality "1"]

1. e4 c5 2. c3 d5 3. exd5 Qxd5 4. d4 cxd4 5. cxd4 Nc6 6. Nf3 e6 7. Be2 Nf6 8. 0-0 Bd6 9. Be3 0-0 10. Nc3 Qa5 11. a3 a6 12. b4 Qc7 13. Rc1 Qb8 14. Kh1 Ne7 15. Bg5 Ned5 16. Bc4 Nxc3 17. Rxc3 Ne4 18. Rd3 Bxh2 19. Nxh2 Nxg5 20. Qh5 f6 21. f4 g6 22. Qg4 Qc7 23. Bb3 Nf7 24. Bxe6 Bxe6 25. Qxe6 Qd6 26. Re1 Qxf4 27. Rf1 Rae8 28. Qxf6 Qxf6 29. Rxf6 Re1+ 30. Rf1 Rfe8 31. Kg1 R8e3 32. Rxe3 Rxe3 33. Rf3 Re1+ 34. Kf2 Rd1 35. Rc3 Rxd4 36. Rc8+ Kg7 37. Rc7 b5 38. Nf3 Rd6 39. Ne5 Rf6+ 40. Ke3 Re6 41. Rxf7+ Kg8 42. Rxh7 Kxh7 43. Kd4 Kg7 44. Kd5 Kf6 45. Ng4+ Ke7 46. Ne5 Rf6 47. g4 g5 48. Kc5 Kd8 49. Nc6+ Kc7 50. Nd4 Kb7 51. Kd5 Rf4 52. Ke5 Rxg4 53. Ne6 Rg3 54. Kf5 Rxa3 55. Kxg5 Ra4 0-1

[Event "VIE-ch"]
[Site "Ho Chi Minh City"]
[Date "2013.04.19"]
[Round "7"]
[White "Truong, Anh Kiet"]
[Black "Vo, Kim Cang"]
[Result "1-0"]
[WhiteElo "1775"]
[BlackElo "1689"]
[PlyCount "73"]
[EventDate "2013.04.15"]
[EventType "swiss"]
[EventRounds "7"]
[EventCountry "VIE"]
[SourceTitle "CBM 154 Extra"]
[Source "ChessBase"]
[SourceDate "2013.06.25"]
[SourceVersion "2"]
[SourceVersionDate "2013.06.25"]
[SourceQuality "1"]

1. e4 c5 2. c3 d5 3. exd5 Qxd5 4. d4 Nf6 5. Nf3 e6 6. Be2 Be7 7. 0-0 Nbd7 8. c4 Qd6 9. Nc3 a6 10. Be3 Ng4 11. Ne4 Qc6 12. d5 exd5 13. cxd5 Qg6 14. Bd3 c4 15. Bc2 Nxe3 16. fxe3 Qb6 17. Qe2 f5 18. Neg5 Nf6 19. Ba4+ Kf8 20. Rad1 Ng4 21. d6 Bxd6 22. h3 Nxe3 23. Rxd6 Qxd6 24. Qxe3 b5 25. Rd1 Qe7 26. Qb6 Bd7 27. Qc7 Be8 28. Qf4 g6 29. Qd4 Qa7 30. Ne6+ Ke7 31. Nc5 Rg8 32. Ng5 Qb6 33. Re1+ Kf8 34. Nce6+ Qxe6 35. Nxe6+ Kf7 36. Ng5+ Kf8 37. Qf6+ 1-0

[Event "VIE-chT"]
[Site "Ho Chi Minh City"]
[Date "2012.09.26"]
[Round "8"]
[White "Huynh Lam Binh, Nguyen"]
[Black "Truong, Anh Kiet"]
[Result "1/2-1/2"]
[WhiteElo "2017"]
[BlackElo "1766"]
[PlyCount "87"]
[EventDate "2012.09.21"]
[EventType "team-tourn"]
[EventRounds "9"]
[EventCountry "VIE"]
[SourceTitle "CBM 150 Extra"]
[Source "ChessBase"]
[SourceDate "2012.10.19"]
[SourceVersion "1"]
[SourceVersionDate "2012.10.19"]
[SourceQuality "1"]

1. d4 Nf6 2. c4 e6 3. Nc3 Bb4 4. e3 0-0 5. Nge2 d5 6. a3 Bxc3+ 7. Nxc3 b6 8. cxd5 exd5 9. Bd3 Bb7 10. f3 Nbd7 11. b4 Qe7 12. 0-0 c5 13. bxc5 bxc5 14. dxc5 Qxc5 15. Ne2 Nb6 16. Qb3 Rab8 17. Qb4 Nfd7 18. Rd1 Rfc8 19. Nd4 a5 20. Qxc5 Nxc5 21. Bf5 Rd8 22. Kf2 Nc4 23. Ra2 g6 24. Bc2 Ba8 25. Bd3 Nxd3+ 26. Rxd3 Rdc8 27. Rc2 Ne5 28. Rdc3 Rxc3 29. Rxc3 Nc4 30. Ke1 Kf8 31. Kd1 Ke7 32. Kc2 Kd6 33. Ne2 Rb6 34. Rd3 Ke5 35. Nc3 Bc6 36. Rd4 Nd6 37. f4+ Ke6 38. g4 f5 39. g5 Nb5 40. Nxb5 Rxb5 41. Bd2 a4 42. Bb4 Rb6 43. Bc5 Rb7 44. Rb4 1/2-1/2

[Event "VIE-chT"]
[Site "Ho Chi Minh City"]
[Date "2012.09.25"]
[Round "7"]
[White "Truong, Anh Kiet"]
[Black "Nguyen, Hai Dao"]
[Result "1-0"]
[WhiteElo "1766"]
[BlackElo "1997"]
[PlyCount "83"]
[EventDate "2012.09.21"]
[EventType "team-tourn"]
[EventRounds "9"]
[EventCountry "VIE"]
[SourceTitle "CBM 150 Extra"]
[Source "ChessBase"]
[SourceDate "2012.10.19"]
[SourceVersion "1"]
[SourceVersionDate "2012.10.19"]
[SourceQuality "1"]

1. e4 c5 2. c3 g6 3. d4 cxd4 4. cxd4 Bg7 5. Nf3 d6 6. Be2 Nc6 7. Be3 Nf6 8. Nc3 a6 9. Qb3 0-0 10. 0-0 b5 11. a3 Bb7 12. d5 Na5 13. Qb4 Rc8 14. a4 Nc4 15. Bd4 e5 16. dxe6 Nxe4 17. Bxg7 Kxg7 18. Nxe4 Bxe4 19. axb5 a5 20. Qc3+ Ne5 21. Qxa5 Qxa5 22. Rxa5 Bxf3 23. Bxf3 Nxf3+ 24. gxf3 fxe6 25. Kg2 Rc5 26. Rd1 d5 27. Rd3 Rb8 28. Rb3 Kf6 29. f4 h6 30. h4 Rb6 31. Rb4 e5 32. Ra6 Rxa6 33. bxa6 Ra5 34. Rb6+ Kf5 35. b4 Ra2 36. fxe5 Kxe5 37. b5 Kd4 38. Rb7 Kc4 39. a7 d4 40. b6 d3 41. Rd7 d2 42. Rxd2 1-0

[Event "VIE-chT"]
[Site "Ho Chi Minh City"]
[Date "2012.09.24"]
[Round "5"]
[White "Truong, Anh Kiet"]
[Black "Nguyen Huu Hoang, Anh"]
[Result "0-1"]
[WhiteElo "1766"]
[BlackElo "2051"]
[PlyCount "88"]
[EventDate "2012.09.21"]
[EventType "team-tourn"]
[EventRounds "9"]
[EventCountry "VIE"]
[SourceTitle "CBM 150 Extra"]
[Source "ChessBase"]
[SourceDate "2012.10.19"]
[SourceVersion "1"]
[SourceVersionDate "2012.10.19"]
[SourceQuality "1"]

1. e4 d6 2. d4 Nf6 3. Bd3 g6 4. Nf3 Bg7 5. c3 0-0 6. 0-0 Nc6 7. Re1 e5 8. h3 Nh5 9. Bg5 Qe8 10. Bc4 h6 11. Be3 Nf4 12. Nbd2 Kh8 13. Bxf4 exf4 14. Nb3 Ne7 15. Rc1 c6 16. Qd2 g5 17. e5 d5 18. Bd3 b6 19. Qc2 Be6 20. c4 Qd7 21. cxd5 cxd5 22. Kh2 Rac8 23. Qd1 Rg8 24. Rxc8 Qxc8 25. Qc2 Qd7 26. Rc1 Rc8 27. Qd2 Nf5 28. Rxc8+ Qxc8 29. Qb4 Bf8 30. Qa4 Qc7 31. Qe8 Kg7 32. Qa8 Ne7 33. Ba6 Qc2 34. Nfd2 Nf5 35. Qxa7 Bb4 36. Qxb6 Bxd2 37. Nxd2 Qxd2 38. Bc8 Bxc8 39. Qf6+ Kh7 40. Qxf7+ Ng7 41. Qxd5 Qxb2 42. Qd8 Bf5 43. Kg1 Qxa2 44. g3 Qb1+ 0-1

[Event "VIE-ch U13"]
[Site "Vietnam"]
[Date "2012.07.15"]
[Round "5"]
[White "Truong, Anh Kiet"]
[Black "Pham, Dang Khanh"]
[Result "1-0"]
[WhiteElo "1778"]
[BlackElo "1569"]
[PlyCount "95"]
[EventDate "2012.07.12"]
[EventType "swiss"]
[EventRounds "9"]
[EventCountry "VIE"]
[SourceTitle "EXT 2013"]
[Source "ChessBase"]
[SourceDate "2012.11.22"]
[SourceVersion "1"]
[SourceVersionDate "2012.11.22"]
[SourceQuality "1"]

1. e4 c5 2. c3 Nc6 3. d4 e6 4. d5 Nce7 5. Nf3 Nf6 6. d6 Nc6 7. e5 Nd5 8. c4 Ndb4 9. a3 Na6 10. Bg5 Qb6 11. b3 h6 12. Bh4 g5 13. Bg3 Bg7 14. h3 Qd8 15. Qd3 f5 16. Qe3 0-0 17. Bh2 Kf7 18. Bd3 Rh8 19. g4 f4 20. Qe4 Qe8 21. h4 Nd4 22. Nxd4 cxd4 23. Qxd4 Kf8 24. Nd2 Nb8 25. Nf3 Qd8 26. b4 Qb6 27. Qe4 Qc6 28. b5 Qxe4+ 29. Bxe4 a6 30. Ke2 axb5 31. cxb5 Ra5 32. Rhc1 Nc6 33. bxc6 bxc6 34. Rcb1 Ba6+ 35. Kd2 Kf7 36. hxg5 Bxe5 37. g6+ Kg7 38. Nxe5 Rxe5 39. f3 h5 40. Bxf4 Rc5 41. gxh5 Rcxh5 42. Rb6 Bb5 43. a4 Bc4 44. a5 Ra8 45. a6 Rb5 46. Rxb5 Bxb5 47. Be5+ Kg8 48. Rh1 1-0